Statistics for Famous People Born in Texas

Click here to take the quiz!

General Stats

  • This quiz has been taken 107 times
  • The average score is 12 of 43

Answer Stats

DescriptionFamous PersonBirth City% Correct
Tour de France winnerLance ArmstrongPlano
66%
36th presidentLyndon B. JohnsonStonewall
66%
34th presidentDwight D. EisenhowerDenison
54%
Star of Wizards of Waverly PlaceSelena GomezGrand Prairie
54%
Actor of Men in Black and The FugitiveTommy Lee JonesSan Saba
54%
Late actor of Dirty Dancing and GhostPatrick SwayzeHouston
52%
Single Ladies singerBeyonce KnowlesHouston
50%
Actor as Lightning McQueen in CarsOwen WilsonDallas
46%
Mother of Carrie FisherDebbie ReynoldsEl Paso
42%
Actor of Free Birds and White Men Can't JumpWoody HarrelsonMidland
42%
Actor as Sheldon in The Big Bang TheoryJim ParsonsHouston
40%
Country singer of The GamblerKenny RogersHouston
40%
Actor/comedian of Cheaper by the Dozen and HomeSteve MartinWaco
40%
Actor of The Day After Tomorrow and The RookieDennis QuaidHouston
38%
Actor of Christmas Vacation and Home on the RangeRandy QuaidHouston
38%
Actress as Lizzie McGuireHilary DuffHouston
36%
Actress of Coal Miner's DaughterSissy SpacekQuitman
36%
Late actor of Twister and Apollo 13Bill PaxtonFort Worth
34%
Oscar winner of Last King of ScotlandForest WhitakerLongview
34%
Piece of My Heart singerJanis JoplinPort Arthur
32%
13 Going on 30 actressJennifer GarnerHouston
30%
Country singer of Red Headed StrangerWillie NelsonAbbott
28%
Actor of Ray and RioJamie FoxxTerrell
26%
Breakaway pop singerKelly ClarksonFort Worth
24%
Co-creator of South ParkMatt StoneHouston
20%
Ventriloquist comedian of Spark of InsanityJeff DunhamDallas
18%
Magic Mike, Sing actorMatthew McConaugheyUvalde
18%
Actress of Shark Tale and Bee MovieRenee ZellwegerKaty
18%
Actress of Garfield and The Client ListJennifer Love HewittWaco
16%
Film icon of Mildred PierceJoan CrawfordSan Antonio
16%
Actress of Avatar and Fast and FuriousMichelle RodriguezSan Antonio
14%
Actor of Wreck-it Ralph, Frozen and Big Hero 6Alan TudykEl Paso
10%
Writer of Shrek, voice of GingyConrad VernonLubbock
10%
Dreaming My Dreams singerWaylon JenningsLittlefield
10%
Actress as Kangaroo in Horton Hears a WhoCarol BurnettSan Antonio
8%
Director of Shrek 2Kelly AsburyBeaumont
8%
Cowboy Man country singerLyle LovettHouston
8%
Actress of Charlie and Chocolate Factory and DodgeballMissi PyleHouston
8%
Original voice of BarneyBob WestUnknown
6%
Director of The Land Before TimeDon BluthEl Paso
6%
Actor as Andy in Toy StoryJohn MorrisParis
6%
Child actor as Charlie in Willy WonkaPeter OstrumDallas
6%
Actor of Garfield The Movie and Groundhog DayStephen TobolowskyDallas
6%

Score Distribution

Percentile by Number Answered

Percent of People with Each Score

Your Score History

You have not taken this quiz